000 00684nam a22002297a 4500
003 OSt
008 260627b |||||||| |||| 00| 0 eng d
020 _a9789391734312
082 _a631.46
_bS61M
245 _aMrida Swasthya evam Padap Poshan /
_cby Anil Kumar Singh...[et al.]
260 _a.- New Delhi
_b: Today & Tomorrow's
_c, 2023
300 _a274p.
650 _aTechnology (Applied Sciences)
650 _aAgriculture and Related Technologies
650 _aSoil Health
650 _aPlant Nutrition
700 _aSingh, Anil Kumar.
700 _aTripathi, Padamnabhi.
700 _aDwivedi, Birendra Swarup.
700 _aSinghai, Nitin Kumar.
942 _2ddc
_cBK
999 _c52378
_d52378